Thomas and Friends - Season 4 Episodes - Statistics

General Stats
  • This quiz has been taken 46 times
  • The average score is 17 of 26
Answer Stats
Episode # Episode Title % Correct
16 Thomas and Stepney
83%
4 You Can't Win
83%
1 Granpuff
78%
3 Bulldog
72%
7 Peter Sam and the Refreshment Lady
72%
15 Rusty to the Rescue
72%
2 Sleeping Beauty
72%
25 Special Attraction
72%
6 A Bad Day for Sir Handel
67%
18 Bowled Out
67%
5 Four Little Engines
67%
14 Gallant Old Engine
67%
26 Mind That Bike
67%
22 Thomas and the Special Letter
67%
8 Trucks
67%
24 Fish
61%
19 Henry and the Elephant
61%
23 Paint Pots and Queens
61%
10 Rock 'n' Roll
61%
11 Special Funnel
61%
13 Passengers and Polish
56%
17 Train Stops Play
56%
12 Steam Roller
50%
9 Home at Last
44%
20 Toad Stands By
44%
21 Bulls Eyes
33%
No matching quizzes found
Score Distribution
Percent of People with Each Score
Percentile by Number Answered
Your Score History
You have not taken this quiz